Riconosci il Pokémon - Quiz n°31 - Statistics

Statistiche generali
  • Questo quiz è stato fatto 102 volte
  • Il punteggio medio è 8 su 10
Statistiche sulle risposte
Indizio Risposta % Corretto
Tipo Roccia / Acqua
100%
Generazione Prima
98%
Stadio evoluzione Prima evoluzione
97%
Abilità Nuotovelox; Lottascudo; Sottilguscio
83%
Altezza 1,3 m
77%
Peso 40,5 kg
77%
Tasso di cattura 45 (11.9%)
72%
Sesso 87.5% ♂, 12.5% ♀
72%
Tasso di allevamento Medio-Veloce
66%
Pokémon Kabutops
52%
Nessun quiz corrispondente trovato
Distribuzione punteggi
Percentuale di utenti per punteggio
Percentile per numero di risposta
I tuoi punteggi nel tempo
Non hai fatto questo quiz